01090cam a22003494i 4500003000900000005001700009008004100026020001500067035002700082040003300109082002200142100003100164245006500195264005000260300003800310336002100348337002500369338002300394505016600417526001000583526001000593526001000603526001000613526000800623526000800631526000800639526000800647526000800655526000800663526000800671630006100679PE-LiUPU20250731173320.0150625s r 000 0 d a0801029961 a(Sirsi) i9780801029967 aPE-LiUPUbspacPE-LiUPUerda04a222.3207bD322211 aDavis, Dale Ralph,eautor.10aSuch a Great Salvation :bExpositions of the book of Judges. 1aGrand Rapids, Michigan :bBaker Books,c1991. a227 páginas ;c22 centímetros atext2rdacontent aunmediated2rdamedia avolume2rdacarrier0 aThe failure of a second generation (Judges 1:1-3:6. -The salvation of a long-suffering. -god (Jueges 3:7-16:31)The confusion of a depraved people (Judges 17-21). aSEG42 aSEG41 aSEG40 aSEG39 aP94 aP87 aP86 aP85 aP77 aP76 aP35 aBiblia.pA.T.pJudgesxCrítica, interpretación, etc.